000 00654nam a2200205 a 4500
005 20240815063718.0
008 080408s2007 mx r 000 0 spa d
020 _a9789703706570
035 _aUPN01000155298
049 _aI
050 4 _aQL795 P7
_bW5.6
100 1 _aWindsor, Jo,
_dm. 2003
_941134
245 1 0 _aPerros de la pradera :
_banimales sociales /
_cJo Windsor ; tr. Adriana de la Torre Fernández.
260 _aMéxico :
_bPlaneta,
_cc2007.
300 _a32 p. :
_bil. col.
440 0 _aDestino
650 4 _aPERROS DE LA PRADERA -
_vLITERATURA JUVENIL
_99446
650 4 _aAnimales
_xHábitos y comportamiento
_91059
905 _aInfantil
999 _c127413
_d127413